Statistiques concernant Anagrammes - Prénoms masculins - Série 06

Cliquez ici pour prendre le quiz!

Statistiques générales

  • Ce quiz a été pris 109 fois
  • Le résultat moyen est 7 sur 10

Statistiques - réponses

AnagrammePrénom% Correct
EGORGESGeorges
96%
VAINYLSSylvain
85%
REHONOHonoré
84%
INDESDenis
80%
ANTIBESBastien
66%
FERLADAlfred
63%
TORCHEHector
56%
CLONAISNicolas
50%
DYNAMORRaymond
37%
BIGLERAGabriel
35%

Distribution des résultats

Percentile par nombre de réponses

% des personnes avec chaque résultat

Votre développement - résultats

Vous n’avez pas pris ce quiz